Jim's Toeic 1000 listening comprehension practice test items for the new TOEIC test /

Bewaard in:
Bibliografische gegevens
Hoofdauteur: Jim, Lee.
Formaat: Boek
Taal:English
Gepubliceerd in: Tp.HCM : Nxb. Tổng hợp Tp.HCM : Nhân Trí Việt, 2016.
Onderwerpen:
Tags: Voeg label toe
Geen labels, Wees de eerste die dit record labelt!
Thư viện lưu trữ: Mạng thư viện Đại học Đà Nẵng
LEADER 01220nam a22003251a 4500
001 000033905
003 10097
005 20240807161726.0
008 151027s2016 000 eng
020 |c 298000  |a 9786045820162 
040 |a lnn  |c lnn  |d lnn 
041 0 |a eng 
082 1 4 |a 428.0076  |b JI-L 
100 1 |a Jim, Lee. 
245 1 0 |a Jim's Toeic 1000 listening comprehension practice test items for the new TOEIC test /  |c Lee Jim. 
246 0 |a 1000 listening comprehension practice test items for the new TOEIC test. 
260 |a Tp.HCM :  |b Nxb. Tổng hợp Tp.HCM :  |b Nhân Trí Việt,  |c 2016. 
300 |a 447tr. :  |b ill. ;  |c 28,5 cm. +  |e 1 MP3 (4 3/4 in.). 
630 0 4 |a English language. 
630 0 4 |a Tiếng Anh. 
650 0 4 |a English language  |x Text. 
650 0 4 |a TOEIC  |x Test. 
OWN |a LNN 
AVA |a UDN50  |b LNN  |c English  |d 428.0076JI-L  |e available  |t Error 5001 Not defined in file expand_doc_bib_avail.  |f 8  |g 0  |h N  |i 1  |j AN 
999 |a From the UDN01 
AVA |a UDN50  |b LNN  |c English  |d 428.0076JI-L  |e available  |t Error 5001 Not defined in file expand_doc_bib_avail.  |f 8  |g 0  |h N  |i 1  |j AN 
TYP |a Monograph 
980 |a Mạng thư viện Đại học Đà Nẵng